| 000 | 00646cab a22002175a 4500 | ||
|---|---|---|---|
| 001 | L160032 | ||
| 008 | 150113e2016 xxk 000 0 eng d | ||
| 035 | _a(Sirsi) u160032 | ||
| 041 | 0 | _aeng | |
| 050 | _a526.9823 | ||
| 100 | 1 | _aLippett, Craig | |
| 245 | 0 | 0 | _aHigh flyers |
| 260 |
_aLondon _bRICS _c2016 |
||
| 490 |
_aRICS Building Surveying Journal _vMarch 2016 - April 2016, 12-13(2) |
||
| 520 | _aExplains the rules, regulations and training needed to fly unmanned aerial vehicles. | ||
| 650 | 2 | 4 | _aDRONE |
| 650 | 2 | 4 | _aSURVEYING EQUIPMENT |
| 650 | 2 | 4 | _aCIVIL AVIATION AUTHORITY |
| 690 |
_aBuilding surveying _96225 |
||
| 942 |
_n0 _2ddc |
||
| 999 |
_c85147 _d85147 |
||